| 000 | 00659nam a22002770 a4500 | ||
|---|---|---|---|
| 999 |
_c172685 _d172685 |
||
| 005 | 20190601203631.0 | ||
| 008 | 190601b my ||||| |||| 00| 0 may d | ||
| 040 |
_aPPAK _cPPAK |
||
| 082 | 0 | 0 | _a521.381 |
| 090 | 0 | 0 |
_a521.381 _bJER _dK |
| 100 | 0 | 0 | _aJeremiah, David |
| 100 | 0 | 0 | _kNon Fiction |
| 100 | 0 | 0 | _lMelayu |
| 245 | 0 | 0 | _aRevolusi komputer |
| 260 | 0 | 0 | _aPetaling Jaya |
| 260 | 0 | 0 | _bMacmillan |
| 260 | 0 | 0 | _c1982 |
| 300 | 0 | 0 | _a33ms. |
| 300 | 0 | 0 | _bil. wrn. |
| 300 | 0 | 0 | _c28sm. |
| 336 |
_2rdacontent _atext |
||
| 337 |
_2rdamedia _aunmediated |
||
| 338 |
_2rdacarrier _avolume |
||
| 440 | 0 | 0 | _aSiri penerokaan dan penemuan |
| 942 |
_2ddc _cB |
||